1958 1723 1206 1195 1003 1437 1113 1903 1842 1448 1348 1885 1811 1507 1125 1905 1811 1997 1762 1528 1666 1790 1922 1482 1307 1841 1040 1203 1009 1372 1898 1218 1905 1725 1406 1432 1218 1851 1915 1903 1262 1878 1469 1154 1791 1613 1804 1396 1045 1376 1374 1524 1030 1733 1708 1166 1380 1272 1125 1327 1955 1605 1772 1467 1122 1268 1651 1089 1167 1625 1457 1844 1836 1687 1544 1878 1955 1256 1484 1543 1566 1103 1604 1898 1013 1645 1314 1309 1606 1111 1009 1648 1471 1690 1628 1561 1043 1411 1857 BCNSPRNW ULIB Ver.6.0+V

เปลี่ยนเป็นภาษาไทย

Change to English
 แสดงรายละเอียดบรรณานุกรม
  กลับหน้าหลัก

Brief Record : Get Marc (ISO 2709) : E-mail record : QR code < ปิดหน้าต่าง
LEADER : 00000nam 2200000uu 4500
001    13399109069
003     ULIB
008    110321s2553||||th 000 0 tha d
020    9749441982
020    9789749441985
050  4 H97^bม189น 2553
100 0  มยุรี อนุมานราชธน
245 10 นโยบายสาธารณะ /^cมยุรี อนุมานราชธน
250    พิมพ์ครั้งที่ 3
260    กรุงเทพฯ :^bเอ็กซเปอร์เน็ท,^c2553
300    [ก]-ฎ, 323 หน้า :^bภาพประกอบ ;^c26 ซม.
650  7 การบริหารรัฐกิจ
650  7 นโยบายสาธารณะ
710 2  มหาวิทยาลัยเชียงใหม่. ^bคณะสังคมศาสตร์. ^bภาควิชารัฐศาสตร์
945    ^p300^l0^i029854
945    ^p300^l0^i029853
995    เกษร
999 ^a ใช้งานได้ทุกระบบ
รายการนี้ยังไม่มีแท็ก
คุณยังไม่ได้ล็อกอิน คุณสามารถมีกิจกรรมร่วมกับเว็บไซต์ได้ แต่ต้องล็อกอินก่อน ::
  ล็อกอิน

รายการสื่อสารสนเทศ

ลำดับที่ ประเภท เลขเรียก/บาร์โค้ด สถานที่ สถานะ
- ไม่พบข้อมูล -

รายการใกล้เคียง
    ผู้แต่ง [มยุรี อนุมานราชธน]

    หัวเรื่อง [การบริหารรัฐกิจ]
    หัวเรื่อง [นโยบายสาธารณะ]

BibComment


ยังไม่เคยถูกคอมเมนท์

คอมเมนท์ทรัพยากรรายการนี้
  คอมเมนท์: นโยบายสาธารณะ มย..


 Copyright 2026. Bcnsprnw @Library